| 000 | 01079nam a2200229 i 4500 | ||
|---|---|---|---|
| 001 | 182578 | ||
| 003 | ES-MaACL | ||
| 005 | 20240514173350.0 | ||
| 008 | 130930s1867 sp a | |||||||| | spa d | ||
| 080 | _a908(460.352) | ||
| 080 | _a94(460.352) | ||
| 100 | 1 |
_aLozano Muñoz, Francisco. _9153479 |
|
| 245 | 1 | 0 |
_aCrónica de la provincia de Jaén / _cpor Francisco Lozano Muñoz. |
| 260 |
_aMadrid : _bRubio y Compañía, _c1867. |
||
| 300 |
_aVI, 79 p., [4] h. de lám., [1] h. de mapas : _bil. ; _c32 cm. |
||
| 490 | 1 | _aCrónica general de España, o sea historia ilustrada y descriptiva de sus provincias, sus poblaciones más importantes de la península y de ultramar | |
| 651 |
_aJaén (Provincia)- _xHistoria. _9137242 |
||
| 651 |
_aJaén (Provincia)- _xDescripción. _9153480 |
||
| 830 | 0 |
_aCrónica general de España, o sea Historia ilustrada y descriptiva de sus provincias, sus poblaciones más importantes de la península y posesiones de Ultramar _9224862 |
|
| 852 |
_aES-MaACL _jC-1581(3) _z.- Encuadernado con otras obras |
||
| 999 |
_c182578 _d182578 |
||